00973cam a22003254i 4500003000900000005001700009008004100026035001900067040003300086082002100119100002800140245004900168264004700217336002100264337002500285338002300310505021200333526000900545526000900554526000900563526000900572526000900581526000900590526000800599526000800607526000800615526000800623526000800631526000800639PE-LiUPU20250731184549.0150625s r 000 0 d a(Sirsi) a33179 aPE-LiUPUbspacPE-LiUPUerda04a985.015bC752211 aCook, Anita G.,eautor.10aWari y Tiwanaku:entre el estilo y la imagen. 1aLima :bFondo Editorial de la PUCP,c1994. atext2rdacontent aunmediated2rdamedia avolume2rdacarrier0 aHistoria de las Investigaciones. - Secuencias Cronológicas Maestras. - El complejo Moraduchayoq. - Formas y Decoraciones. - El diseño y la imagen. - Origen de las tradiciones figurativas Wari y Tiwanaku. aP136 aP135 aP134 aP133 aP144 aP143 aP87 aP35 aP20 aP14 aP10 aP06